书目信息 |
| 题名: |
滑坡风险区划理论与实践
|
|
| 作者: | 乔建平 主编 | |
| 分册: | ||
| 出版信息: | 成都 四川大学出版社 2010.06 |
|
| 页数: | 302页 | |
| 开本: | 26cm | |
| 丛书名: | ||
| 单 册: | ||
| 中图分类: | P642.22 | |
| 科图分类: | ||
| 主题词: | 滑坡--hua po--研究 | |
| 电子资源: | ||
| ISBN: | 978-7-5614-4767-3 | |
| 000 | 01000nam0 2200253 450 | |
| 001 | 012010732568 | |
| 005 | 20101105152951.29 | |
| 010 | @a978-7-5614-4767-3@dCNY40.00 | |
| 100 | @a20101105d2010 em y0chiy0120 ea | |
| 101 | 0 | @achi |
| 102 | @aCN@b510000 | |
| 105 | @aak a 000yy | |
| 106 | @ar | |
| 200 | 1 | @a滑坡风险区划理论与实践@Ahua po feng xian qu hua li lun yu shi jian@f乔建平主编@Fzhu bian qiao jian ping |
| 210 | @a成都@c四川大学出版社@d2010.06 | |
| 215 | @a302页@c图@d26cm | |
| 300 | @a科技部“十一五”重点科技支撑计划项目,科技部国际合作项目,中科院三期重要知识创新工程项目,中国气象局气象科研项目资助 | |
| 320 | @a有书目 | |
| 330 | @a本书在系统总结国内外滑坡风险研究的基础上,对滑坡风险的类型进行了划分,将滑坡风险分为:风险评价、风险区划、风险分析、风险评估、风险管理五种类型,并建立了相互间的层次关系。 | |
| 606 | 0 | @a滑坡@Ahua po@x研究 |
| 690 | @aP642.22@v4 | |
| 701 | 0 | @a乔建平@Aqiao jian ping@4主编 |
| 801 | 0 | @aCN@bQSSK@c20101105 |
| 905 | @b787647-49@dP642.22@eQ322@f3 | |
| 滑坡风险区划理论与实践/乔建平主编.-成都:四川大学出版社,2010.06 |
| 302页:图;26cm |
| 科技部“十一五”重点科技支撑计划项目,科技部国际合作项目,中科院三期重要知识创新工程项目,中国气象局气象科研项目资助 |
| ISBN 978-7-5614-4767-3:CNY40.00 |
| 本书在系统总结国内外滑坡风险研究的基础上,对滑坡风险的类型进行了划分,将滑坡风险分为:风险评价、风险区划、风险分析、风险评估、风险管理五种类型,并建立了相互间的层次关系。 |
| ● |
| 相关链接 |
|
|
|
正题名:滑坡风险区划理论与实践
索取号:P642.22/Q322
 
预约/预借
| 序号 | 登录号 | 条形码 | 馆藏地/架位号 | 状态 | 备注 |
| 1 | 787647 | 207876477 | 自科库401/401自科库 133排2列5层/ [索取号:P642.22/Q322] | 在馆 | |
| 2 | 787648 | 207876486 | 自科二线504/504自科库 47排4列1层/ [索取号:P642.22/Q322] | 在馆 | |
| 3 | 787649 | 207876495 | 期刊室512/401自科库 129排1列6层/ [索取号:P642.22/Q322] | 在馆 |